Κατάλογος Βιβλιοθηκών Mediterranean College

Διαφήμιση / Σχεδιασμός και Λειτουργία στα Πλαίσια της Επιχείρησης και του Διαφημιστικού Γραφείου (Record no. 2938)

MARC details
000 -LEADER
fixed length control field 01905cam a22002054a 4500
005 - ΗΜΕΡΟΜΗΝΙΑ ΚΑΙ ΩΡΑ ΤΕΛΕΥΤΑΙΑΣ ΕΝΗΜΕΡΩΣΗΣ
Πεδίο ελέγχου 20250605163345.0
008 - FIXED-LENGTH DATA ELEMENTS--GENERAL INFORMATION
Πεδίο ελέγχου σταθερού μήκους 250528s ||||||||||||||||||||||||d
035 ## - SYSTEM CONTROL NUMBER
System control number 17530
020 ## - ISBN
ISBN 9601208321
040 ## - ΠΗΓΗ ΚΑΤΑΛΟΓΟΓΡΑΦΗΣΗΣ
Φορέας πρωτότυπης καταλογογράφησης MC Athens Campus Library
Γλώσσα καταλογογράφησης Ελληνικά, Μοντέρνα (1453-)
Modifying agency MC Athens Campus Library
Κανόνες περιγραφικής καταλογογράφησης AACR2
245 1# - ΤΙΤΛΟΣ ΚΑΙ ΔΗΛΩΣΗ ΥΠΕΥΘΥΝΟΤΗΤΑΣ
Τίτλος Διαφήμιση / Σχεδιασμός και Λειτουργία στα Πλαίσια της Επιχείρησης και του Διαφημιστικού Γραφείου
250 ## - EDITION STATEMENT
Edition statement
260 ## - PUBLICATION, DISTRIBUTION, ETC.
Name of publisher, distributor, etc. University Studio Press,
Date of publication, distribution, etc. 2000
300 ## - PHYSICAL DESCRIPTION
Extent 412
520 ## - SUMMARY, ETC.
Summary, etc. Έννοιες, αρχές και τρόπος ''διοίκησης'' της Διαφήμισης. Εισαγωγή στη Διαφήμιση, Η Σχεδίαση του Προγράμματος Μάρκετινγκ και του Προγράμματος της Διαφήμισης, Διαμόρφωση Διαφημιστικών Στόχων, Καθορισμός Διαφημιστικού Προυπολογισμού, Η Σχεδίαση και Η Ανάπτυξη της Διαφήμισης, Η Διαμόρφωση του Περιγράμματος, Η Διαμόρφωση του Διαφημιστικού Κειμένου, Η Απεικόνιση της Διαφήμισης, Σχεδιασμός για την Επιλογή των Μέσων Μαζικής Επικοινωνίας, Έλεγχος Αποτελεσματικότητας της Διαφήμισης, Η Οργάνωση και η Λειτουργία της Διαφημιστικής Εταιρίας, Η Διαφήμιση στο Διαδίκτυο, Επίμετρο: Συνοπτική Παρουσίαση της Διαδικασίας Ανάπτυξης και Ολοκλήρωσης της Διαφήμισης, Βιβλιογραφία, Κατάλογοι, Ευρετήρια.
700 1# - ΠΡΟΣΘΕΤΗ ΑΝΑΓΡΑΦΗ--ΦΥΣΙΚΟ ΠΡΟΣΩΠΟ
Personal name Ζώτος Γιώργος Χ
942 ## - ADDED ENTRY ELEMENTS (KOHA)
Koha item type Books
Holdings
Τύπος τεκμηρίου Βιβλιοθήκη Τρέχουσα τοποθεσία Barcode Αριθμός εισαγωγής Ημερομηνία απόκτησης Ταξιθετικό σύμβολο Αριθμός αντιτύπου Κατάσταση απόσυρσης Κατάσταση χαμένου Κατάσταση κατεστραμμένου Μη δανεισμός Σύνολο δανεισμών Ημερομηνία τελευταίας εμφάνισης Η τιμή ισχύει από
Books MC Athens Campus Library MC Athens Campus Library 9780000029379 5829 05/06/2025 659.1 ZOT 1           05/06/2025 05/06/2025

MC Athens Campus Library
Πατησίων 94 & Κοδριγκτώνος 13, 104 34
Πελλήνης 8 & Πατησίων 107, 112 51
Τ: +30 210 8899600

MC Thessaloniki Campus Library
Ίωνος Δραγούμη 21, 54625 | Ίωνος Δραγούμη 15, 54625
Τ: +30 2310 287779 – Τ: +30 2314 440300